Focus sur: Beregond - Tolkien - Statistiques

Statistiques générales
  • Ce quiz a été pris 13 fois
  • Le résultat moyen est 7 sur 10
Statistiques - réponses
Informations recherchées Réponses % Correct
Contrées et royaumes Gondor
100%
Espèce Homme
100%
Première apparition Le Seigneur des Anneaux: Le Retour du roi
100%
Cité Minas Tirith
100%
Couleur des cheveux "Sombre"
100%
Ages durant lesquels il vécut Troisième/Quatrième
100%
Fils Bergil
50%
Ithilien
50%
Père Baranor
0%
Acteur l'interprétant dans les films Hugh Jackman
0%
Aucun quiz correspondant
Distribution des résultats
% des personnes avec chaque résultat
Percentile par nombre de réponses
Votre historique - résultats
Vous n’avez pas pris ce quiz